[Event "AUTO-ADV-847"]
[Site "http://www.queenalice.com/game.php?id=376292"]
[Date "2008.3.24"]
[Round "1"]
[White "kapivaramor"]
[Black "Random314"]
[Result "0-1"]
[WhiteElo "1924"]
[BlackElo "1646"]

1. e4 e5 2. Nf3 Nc6 3. Bc4 d6 4. d4 Bg4 5. c3 f6 6. Bxg8 Rxg8 7. Qb3 b6 8. Qxg8
Qe7 9. d5 Na5 10. Qxh7 O-O-O 11. Nbd2 Qd7 12. h3 Bxf3 13. Nxf3 g5 14. Qxd7+ Rxd7
15. h4 g4 16. Nh2 g3 17. fxg3 Rd8 18. Ng4 Be7 19. Rf1 Rf8 20. Rf5 c5 21. Kf2 Nc4
22. h5 Kc7 23. h6 Rf7 24. Rh5 Rh7 25. b3 Na5 26. Bd2 Nb7 27. Rf1 Nd8 28. Kg1 Nf7
29. Nxf6 Bxf6 30. Rxf6 b5 31. Rxf7+ Rxf7 32. h7 c4 33. h8=Q cxb3 34. axb3 a6 0-1

[Event "AUTO-ADV-847"]
[Site "http://www.queenalice.com/game.php?id=376301"]
[Date "2008.3.24"]
[Round "1"]
[White "tewald"]
[Black "kapivaramor"]
[Result "1-0"]
[WhiteElo "1818"]
[BlackElo "1899"]

1. e4 c5 2. f4 e6 3. Nf3 Nc6 4. g3 d6 5. d3 g6 6. c3 Bg7 7. Bg2 Nge7 8. O-O O-O
9. Qe2 d5 10. e5 h5 11. Be3 b6 12. Nbd2 Ba6 13. b3 Qd7 14. a3 Rfe8 15. c4 Rab8
16. Rfb1 Red8 17. b4 d4 18. Bf2 Bb7 19. b5 Na5 20. Bf1 Nf5 21. Nb3 Nxb3 22. Rxb3
Ba8 23. Bg2 Bf8 24. a4 Nh6 25. h3 Be7 26. Rba3 Nf5 27. a5 Bb7 28. axb6 axb6 29.
Ra7 Ra8 30. g4 hxg4 31. hxg4 Nh6 32. Bh3 Rxa7 33. Rxa7 Bxf3 34. Rxd7 Bxe2 35.
Rxe7 Bxd3 36. g5 Nf5 37. Rb7 Bxc4 38. Rxb6 1-0

[Event "AUTO-ADV-847"]
[Site "http://www.queenalice.com/game.php?id=376302"]
[Date "2008.3.24"]
[Round "1"]
[White "kapivaramor"]
[Black "tewald"]
[Result "1-0"]
[WhiteElo "2048"]
[BlackElo "1803"]

1. d4 Nf6 2. c4 c5 3. Nf3 cxd4 4. Nxd4 e5 5. Nf3 d6 6. Nc3 Be6 7. e4 Nbd7 8. Bg5
Be7 9. Be2 O-O 10. Qd2 Nc5 11. Bxf6 Bxf6 12. O-O Be7 13. Rfd1 f5 14. exf5 Bxf5
15. Nd5 Be4 16. Nxe7+ Qxe7 17. Qxd6 Qxd6 18. Rxd6 Bxf3 19. Bxf3 Rab8 20. Re1
Rbe8 21. Rd5 b6 22. Rdxe5 Rxe5 23. Rxe5 Nd3 24. Re2 g6 25. b3 Nc1 26. Rc2 Nd3
27. Rd2 Ne5 28. Be4 1-0

[Event "AUTO-OPEN-1067"]
[Site "http://www.queenalice.com/game.php?id=376348"]
[Date "2008.3.24"]
[Round "1"]
[White "TheBigSid"]
[Black "kapivaramor"]
[Result "0-1"]
[WhiteElo "2060"]
[BlackElo "1931"]

1. d4 Nf6 2. c4 c5 3. d5 b5 4. b3 g6 5. Bb2 Bg7 6. Nd2 O-O 7. e4 d6 8. Ngf3 b4
9. Bd3 a5 10. O-O a4 11. Re1 a3 12. Bxf6 exf6 13. Rc1 Nd7 14. h3 Bh6 15. Nh2 Ne5
16. Bb1 f5 17. exf5 gxf5 18. Rc2 Kh8 19. Qh5 Qg5 20. Qxg5 Bxg5 21. Ndf3 Nxf3+
22. Nxf3 Bf6 23. Rce2 Bd7 24. Nh2 Bc3 25. Rd1 Rae8 26. Rxe8 Rxe8 27. Bd3 Kg7 28.
g4 fxg4 29. hxg4 Re1+ 30. Rxe1 Bxe1 31. Kf1 Bc3 32. Ke2 Be5 33. Nf3 Bxg4 34. Ke3
Bh5 35. Nh4 Bd4+ 36. Ke4 Kf6 37. f4 Bg4 38. Nf3 Bf5# 0-1

[Event "AUTO-OPEN-1067"]
[Site "http://www.queenalice.com/game.php?id=376349"]
[Date "2008.3.24"]
[Round "1"]
[White "kapivaramor"]
[Black "Tersio"]
[Result "1-0"]
[WhiteElo "2001"]
[BlackElo "1254"]

1. e4 c5 2. d3 Nc6 3. Nf3 d6 4. g3 e5 5. Bg2 f5 6. c3 Nf6 7. Nbd2 Be7 8. Qb3 Qc7
9. Ng5 d5 10. exd5 Nxd5 11. Nc4 Bd7 12. Bxd5 O-O-O 13. Nf7 Rde8 14. Nxh8 Rxh8
15. Be3 f4 16. Bd2 b6 17. a4 Bf5 18. Qb5 Bxd3 19. Nxb6+ axb6 20. Qxc6 Qxc6 21.
Bxc6 Kc7 22. Bb5 Be4 23. O-O Bd6 24. Rae1 Bb7 25. gxf4 exf4 26. Re6 1-0

[Event "AUTO-OPEN-1067"]
[Site "http://www.queenalice.com/game.php?id=376350"]
[Date "2008.3.24"]
[Round "1"]
[White "Tersio"]
[Black "kapivaramor"]
[Result "0-1"]
[WhiteElo "1257"]
[BlackElo "1993"]

1. Nf3 Nf6 2. c4 g6 3. Nc3 Bg7 4. d4 O-O 5. e4 d6 6. Bg5 Nbd7 7. Be2 c5 8. d5 b5
9. cxb5 a6 10. bxa6 Bxa6 11. Nb5 Nxe4 12. Rb1 Nxg5 13. Nxg5 Bxb5 14. Bxb5 Qa5+
15. b4 Qxb5 16. bxc5 Bc3+ 0-1

[Event "AUTO-OPEN-1067"]
[Site "http://www.queenalice.com/game.php?id=376352"]
[Date "2008.3.24"]
[Round "1"]
[White "cirilovsk"]
[Black "kapivaramor"]
[Result "1-0"]
[WhiteElo "1912"]
[BlackElo "1982"]

1. d4 Nf6 2. c4 c5 3. e3 b6 4. Nc3 Bb7 5. dxc5 bxc5 6. Nf3 g6 7. b3 Bg7 8. Bb2
d6 9. Bd3 Nbd7 10. O-O O-O 11. Qc2 Bxf3 12. gxf3 Ne5 13. Be2 Qd7 14. Ne4 Nxe4
15. fxe4 Qh3 16. Rad1 f5 17. exf5 Rxf5 18. Kh1 Raf8 19. f4 Ng4 20. Bxg4 1-0

[Event "Challenge"]
[Site "http://www.queenalice.com/game.php?id=382172"]
[Date "2008.4.4"]
[Round "-"]
[White "kapivaramor"]
[Black "KLEOJ"]
[Result "0-1"]
[WhiteElo "1852"]
[BlackElo "2085"]

1. Nf3 Nf6 2. c4 d5 3. g3 g6 4. b3 Bg7 5. Bb2 O-O 6. d3 c5 7. Bg2 Nc6 8. Nbd2
Bf5 9. cxd5 Qxd5 10. e4 Qxd3 11. exf5 Rad8 12. Qb1 Qa6 13. Bf1 Qa5 0-1